International journal of agronomy

Detalles Bibliográficos
Autor Corporativo: Hindawi Publishing Corporation
Formato: Electrónico Revista
Lenguaje:inglés
Publicado: New York, NY : Hindawi
Materias:
Acceso en línea:Full text available from Research Library: 01/01/2009 to present

MARC

LEADER 00000nas a2200000 a 4500
001 ssj0000392687
003 WaSeSS
005 20200512172242.0
006 m d
007 cr n
008 080805c20079999nyuar p s | 0eng
010 |a  2008206310 
022 |a 1687-8167  |l 1687-8159 
035 |a (WaSeSS)ssj0000392687 
040 |a DLC  |b eng  |c DLC  |d DLC  |d OCLCQ  |d CUV  |d OCLCF  |d OCLCQ  |d HTM  |d ORU  |d AU@  |d OCLCQ  |d CUS  |d OCLCQ  |d WY@  |d OCLCQ  |d UUM  |d OCLCQ  |d WYU  |d OCLCQ  |d WaSeSS 
042 |a pcc 
050 0 0 |a SB4 
210 0 |a Int. J. Agron.  |b (Online) 
222 0 |a International Journal of Agronomy  |b (Online) 
245 0 0 |a International journal of agronomy  |h [electronic resource]. 
260 |a New York, NY :  |b Hindawi 
310 |a Annual 
362 1 |a Print began in 2007. 
506 |a License restrictions may limit access. 
515 |a Articles continually posted as accepted in "Articles in press" section; articles also browseable by quarter of acceptance. 
538 |a Mode of access: World Wide Web. 
588 |a Description based on: 2008: Q 2 ("Articles accepted in Q2 of 2008"); title from banner (Hindawi website, viewed Aug. 5, 2008). 
588 |a Latest issue consulted: Volume 2010. 
650 0 |a Agronomy  |v Periodicals. 
650 7 |a Agronomy.  |2 fast  |0 (OCoLC)fst00801886 
655 0 |a Electronic journals. 
710 2 |a Hindawi Publishing Corporation. 
776 0 8 |i Print version:  |a International journal of agronomy  |x 1687-8159 
850 |a DLC 
856 4 0 |z Full text available from Research Library: 01/01/2009 to present  |u https://search.proquest.com/publication/237290